[Event "RUS-chT 1L"]
[Site "Sochi RUS"]
[Date "2005.04.25"]
[Round "8"]
[White "Krutko, Anatoly"]
[Black "Yurtaev, Leonid"]
[Result "1/2-1/2"]
[WhiteElo "2358"]
[BlackElo "2515"]
[EventDate "2005.04.19"]
[PlyCount "97"]

1.e4 g6 2.d4 Bg7 3.Nc3 c6 4.Nf3 d6 5.a4 Nf6 6.Be2 O-O 7.O-O Qc7 8.h3 Nbd7 
9.Be3 b6 10.Qd2 Bb7 11.Bh6 e5 12.Bxg7 Kxg7 13.Rfe1 Rfe8 14.Bf1 a6 15.Rad1 
Rad8 16.dxe5 dxe5 17.Qe3 Nf8 18.b4 Ne6 19.Bc4 Bc8 20.Ne2 c5 21.Bxe6 Bxe6 
22.bxc5 bxc5 23.Ng3 Rxd1 24.Rxd1 Qa5 25.Nxe5 Qxa4 26.Qc3 Kg8 27.Ra1 Qb4 
28.Qxb4 cxb4 29.Rxa6 Kg7 30.Nc6 Bc4 31.Ra7 Nxe4 32.Nxe4 Rxe4 33.Nxb4 Be6 
34.Rb7 h5 35.f3 Re2 36.f4 Rd2 37.c3 Kf6 38.Rb5 Kg7 39.Rc5 Kf6 40.Kh2 Ke7 
41.Kg3 Kd6 42.Rc6+ Kd7 43.Rc5 Kd6 44.Rc6+ Kd7 45.Ra6 Bc4 46.Ra1 Kd6 47.Re1
Be6 48.Rc1 Kc5 49.Nc2 1/2-1/2

[Event "RUS-chT 1L"]
[Site "Sochi RUS"]
[Date "2005.04.25"]
[Round "8"]
[White "Lanin, Alexsej"]
[Black "Maximov, Yury"]
[Result "1-0"]
[WhiteElo "2407"]
[BlackElo "2441"]
[EventDate "2005.04.19"]
[PlyCount "51"]

1.e4 d6 2.d4 Nf6 3.Nc3 c6 4.f4 Qa5 5.Bd3 e5 6.dxe5 dxe5 7.Nf3 Bg4 8.fxe5 
Nfd7 9.Bf4 Nxe5 10.Bxe5 Bxf3 11.Qxf3 Qxe5 12.Bc4 f6 13.O-O-O Bd6 14.Qf5 
Nd7 15.Bf7+ Ke7 16.Qh3 Rad8 17.Bc4 Nb6 18.Bd3 Qa5 19.e5 Bxe5 20.Rhe1 Rd7 
21.Qg4 g6 22.Bc4 Rd6 23.Bb3 Kd8 24.Qe6 Rxd1+ 25.Rxd1+ Kc7 26.Qe7+ 1-0

[Event "RUS-chT 1L"]
[Site "Sochi RUS"]
[Date "2005.04.25"]
[Round "8"]
[White "Makarov, Marat"]
[Black "Lputian, Smbat"]
[Result "1/2-1/2"]
[WhiteElo "2515"]
[BlackElo "2640"]
[EventDate "2005.04.19"]
[PlyCount "87"]

1.d4 e6 2.c4 d5 3.Nf3 c6 4.Nc3 dxc4 5.e3 b5 6.a4 b4 7.Ne4 Qd5 8.Ng3 Ba6 9.
Be2 Nf6 10.O-O h5 11.Ne5 h4 12.Nh5 c3 13.Nf4 Bxe2 14.Qxe2 cxb2 15.Bxb2 Qd8
16.Qc2 Qc8 17.Nfg6 Rh6 18.Nxf8 Kxf8 19.Qc5+ Kg8 20.Qe7 Qe8 21.Qxe8+ Nxe8 
22.Rfc1 a5 23.Nxc6 Nxc6 24.Rxc6 h3 25.Rac1 Kh7 26.g3 g5 27.g4 Nf6 28.f3 
Nd5 29.Kf2 Rg6 30.R1c5 Rgg8 31.e4 Nf4 32.Ke3 f6 33.d5 Kg6 34.Kd2 Rge8 35.
Bd4 Re7 36.Rb5 Kf7 37.Be3 Rd8 38.Bb6 Ra8 39.Be3 exd5 40.Bxf4 gxf4 41.Rxd5 
Raa7 42.Rh5 Re6 43.Rcc5 Rd6+ 44.Kc2 1/2-1/2

[Event "RUS-chT 1L"]
[Site "Sochi RUS"]
[Date "2005.04.25"]
[Round "8"]
[White "Maslak, Konstantin"]
[Black "Ozgibtsev, Anatoly"]
[Result "1-0"]
[WhiteElo "2477"]
[BlackElo "2433"]
[EventDate "2005.04.19"]
[PlyCount "99"]

1.e4 e5 2.Nf3 Nc6 3.Bb5 Nf6 4.d3 d6 5.O-O g6 6.c3 Bg7 7.Re1 O-O 8.Nbd2 Qe7
9.Nf1 Bd7 10.Ba4 h6 11.Ng3 Nh7 12.d4 Ng5 13.Nxg5 hxg5 14.d5 Nb8 15.Bxd7 
Nxd7 16.Qg4 Bf6 17.Nf1 Nc5 18.Be3 Qd7 19.Qxd7 Nxd7 20.g4 Be7 21.Ng3 c5 22.
b4 cxb4 23.cxb4 Rfc8 24.Rec1 Bd8 25.a4 Nb6 26.Rxc8 Nxc8 27.a5 a6 28.Rc1 
Kf8 29.Nf1 Na7 30.Bxa7 Rxa7 31.Nd2 Ra8 32.Kf1 Ke7 33.Rc3 Rb8 34.Nc4 b6 35.
axb6 Bxb6 36.Ra3 Bd4 37.Na5 Kd7 38.Nc6 Rb6 39.Ke2 Bb2 40.Rf3 Ke8 41.Kd2 
Bd4 42.Rf6 a5 43.Rxd6 Kf8 44.bxa5 Rb2+ 45.Kd3 Bxf2 46.Nxe5 Bg1 47.Rd8+ Kg7
48.Rd7 Ra2 49.Rxf7+ Kg8 50.Rf1 1-0

[Event "RUS-chT 1L"]
[Site "Sochi RUS"]
[Date "2005.04.25"]
[Round "8"]
[White "Nachev, Stanislav"]
[Black "Zimmerman, Yury"]
[Result "1/2-1/2"]
[WhiteElo "2411"]
[BlackElo "2366"]
[EventDate "2005.04.19"]
[PlyCount "53"]

1.c4 g6 2.Nc3 Bg7 3.d4 d6 4.e4 Nf6 5.Nf3 O-O 6.Be2 e5 7.O-O Nc6 8.d5 Ne7 
9.Ne1 Nd7 10.Be3 f5 11.f3 f4 12.Bf2 g5 13.a4 Ng6 14.a5 Kh8 15.Nb5 Nf6 16.
Nxa7 Bd7 17.Nb5 g4 18.c5 Bxb5 19.Bxb5 g3 20.hxg3 Nh5 21.g4 Ng3 22.cxd6 
cxd6 23.Bb6 Qh4 24.Nd3 Qh1+ 25.Kf2 Qh4 26.Kg1 Qh1+ 27.Kf2 1/2-1/2

[Event "RUS-chT 1L"]
[Site "Sochi RUS"]
[Date "2005.04.25"]
[Round "8"]
[White "Nikolenko, Oleg"]
[Black "Zontakh, Andrei"]
[Result "1/2-1/2"]
[WhiteElo "2527"]
[BlackElo "2535"]
[EventDate "2005.04.19"]
[PlyCount "80"]

1.e4 c5 2.Nf3 d6 3.Bb5+ Bd7 4.Bxd7+ Qxd7 5.O-O Nc6 6.c3 Nf6 7.d4 Nxe4 8.d5
Ne5 9.Re1 Nxf3+ 10.Qxf3 Nf6 11.c4 e5 12.dxe6 fxe6 13.Nc3 Be7 14.Bg5 h6 15.
Bh4 O-O 16.Qh3 g5 17.Bg3 e5 18.Qxh6 Qf5 19.f3 Kf7 20.Ne4 Rg8 21.Qxf6+ Qxf6
22.Nxf6 Bxf6 23.a4 a6 24.a5 Rab8 25.Rad1 Ke6 26.Re2 b5 27.axb6 Rxb6 28.Be1
g4 29.f4 Kf5 30.Ba5 Rc6 31.fxe5 Bxe5 32.Rf1+ Ke6 33.g3 Rcc8 34.Bc3 Rg5 35.
Rd1 Rb8 36.Rd5 Rb6 37.Ba5 Rb7 38.Bc3 Rb6 39.Ba5 Rb7 40.Bc3 Rb6 1/2-1/2

[Event "RUS-chT 1L"]
[Site "Sochi RUS"]
[Date "2005.04.25"]
[Round "8"]
[White "Obolenskikh, Dmitry"]
[Black "Torbin, Kirill"]
[Result "1-0"]
[WhiteElo "2406"]
[BlackElo "2360"]
[EventDate "2005.04.19"]
[PlyCount "141"]

1.e4 c5 2.Nf3 Nc6 3.d4 cxd4 4.Nxd4 Qb6 5.Nb3 Nf6 6.Nc3 e6 7.Bd3 a6 8.O-O 
Qc7 9.f4 d6 10.Qf3 Be7 11.Be3 O-O 12.Rae1 Nd7 13.Qh3 Nb4 14.Kh1 Re8 15.a3 
Nxd3 16.cxd3 b5 17.f5 Ne5 18.Bf4 Bf8 19.Qg3 Kh8 20.fxe6 fxe6 21.Rc1 Qb8 
22.Nd4 Ng6 23.Bd2 b4 24.axb4 Qxb4 25.Qf2 Qb7 26.Be3 Be7 27.Nf3 Qd7 28.Nd2 
Ne5 29.Bd4 Ng4 30.Qf3 e5 31.Bg1 Nf6 32.Nc4 Qg4 33.Qxg4 Bxg4 34.Nb6 Rab8 
35.h3 Be6 36.Ra1 Nh5 37.Kh2 Nf4 38.Rf3 h5 39.Rxa6 g5 40.Nb5 g4 41.Rf1 g3+ 
42.Kh1 Nxd3 43.Ra3 Nf4 44.Nc7 Rf8 45.Nxe6 Nxe6 46.Rxf8+ Rxf8 47.Rxg3 Rf1 
48.Nd5 Bg5 49.Kh2 h4 50.Rg4 Kh7 51.Be3 Bd8 52.b4 Rb1 53.Bf2 Nc7 54.Bxh4 
Nxd5 55.exd5 Bb6 56.Be7 Bg1+ 57.Kg3 Rb3+ 58.Kh4 Rd3 59.Bxd6 Rxd5 60.Bc5 
Bxc5 61.bxc5 Rxc5 62.Kg5 Rc2 63.g3 Re2 64.Kf5 Re3 65.h4 Kh6 66.Rg6+ Kh5 
67.Rg5+ Kh6 68.g4 Ra3 69.Rg6+ Kh7 70.h5 Ra5 71.Re6 1-0

[Event "RUS-chT 1L"]
[Site "Sochi RUS"]
[Date "2005.04.25"]
[Round "8"]
[White "Scherbakov, Ruslan"]
[Black "Vitiugov, Nikita"]
[Result "0-1"]
[WhiteElo "2534"]
[BlackElo "2482"]
[EventDate "2005.04.19"]
[PlyCount "66"]

1.d4 d5 2.c4 e6 3.Nf3 Nf6 4.Nc3 c6 5.Bg5 h6 6.Bxf6 Qxf6 7.Qb3 a5 8.e4 dxe4
9.Nxe4 Bb4+ 10.Kd1 Qf4 11.Qe3 Qxe3 12.fxe3 Be7 13.c5 O-O 14.Ne5 Nd7 15.Nc4
e5 16.Kc2 exd4 17.exd4 Nf6 18.Ned6 Nd5 19.a3 Bf6 20.Rd1 Bg4 21.Rd2 Rfb8 
22.Ne5 Be6 23.Bc4 Be7 24.Bxd5 Bxd5 25.Nec4 b5 26.cxb6 Rd8 27.b7 Rab8 28.
Nc8 Bg5 29.Nxa5 Be4+ 30.Kc3 c5 31.d5 Bxd2+ 32.Kxd2 Bxg2 33.Ne7+ Kf8 0-1

[Event "RUS-chT 1L"]
[Site "Sochi RUS"]
[Date "2005.04.25"]
[Round "8"]
[White "Shkurikhin, Ilia"]
[Black "Ogloblin, Nikolay"]
[Result "0-1"]
[WhiteElo "2284"]
[BlackElo "2424"]
[EventDate "2005.04.19"]
[PlyCount "104"]

1.d4 Nf6 2.c4 d6 3.Nf3 Bg4 4.Nc3 Bxf3 5.exf3 e6 6.g3 g6 7.Bg2 Bg7 8.O-O 
O-O 9.f4 Nc6 10.d5 exd5 11.cxd5 Ne7 12.Bd2 c5 13.dxc6 bxc6 14.Rc1 Rb8 15.
b3 Qd7 16.Qc2 Rfd8 17.Rfd1 Rbc8 18.Be3 Qb7 19.Bh3 Ra8 20.Ne4 Nxe4 21.Qxe4 
Nd5 22.Bd4 Re8 23.Qc2 Nb4 24.Qb2 Bxd4 25.Rxd4 Rad8 26.a3 c5 27.Rd2 Nc6 28.
Bg2 Qb6 29.Bxc6 Qxc6 30.Qf6 Qb6 31.Qc3 Re4 32.Rcd1 a5 33.f5 a4 34.bxa4 Qc6
35.Rd5 Qxa4 36.Qd2 Qxa3 37.Qh6 Qf3 38.fxg6 hxg6 39.R5d3 Re1+ 40.Rxe1 Qxd3 
41.Qf4 Rb8 42.Kg2 Qd5+ 43.Kh3 Kg7 44.g4 Rb3+ 45.Re3 c4 46.Rxb3 cxb3 47.Qe3
b2 48.Qc3+ Qe5 49.Qb3 d5 50.f3 Qd4 51.Qb8 Qc3 52.Kh4 Qe1+ 0-1

[Event "RUS-chT 1L"]
[Site "Sochi RUS"]
[Date "2005.04.25"]
[Round "8"]
[White "Shomoev, Anton"]
[Black "Askarov, Marat"]
[Result "1-0"]
[WhiteElo "2540"]
[BlackElo "2455"]
[EventDate "2005.04.19"]
[PlyCount "59"]

1.e4 c5 2.Nf3 d6 3.d4 cxd4 4.Nxd4 Nf6 5.Nc3 a6 6.f3 e6 7.Be3 Be7 8.Qd2 Nc6
9.O-O-O O-O 10.g4 Nxd4 11.Qxd4 Nd7 12.h4 b5 13.g5 Bb7 14.Kb1 Rc8 15.h5 
Bxg5 16.Bxg5 Qxg5 17.h6 Rfd8 18.hxg7 Ne5 19.Be2 Ng6 20.Qf2 b4 21.Na4 h5 
22.Bd3 Rc6 23.Rdg1 Qe5 24.Qd2 a5 25.Qh6 Qxg7 26.Qxh5 e5 27.Bb5 Rc7 28.Qg5 
Rb8 29.Nb6 Bc6 30.Bxc6 1-0

[Event "RUS-chT 1L"]
[Site "Sochi RUS"]
[Date "2005.04.25"]
[Round "8"]
[White "Sokolov, Dmitri"]
[Black "Smirnov, Artiom"]
[Result "1-0"]
[WhiteElo "2398"]
[BlackElo "2413"]
[EventDate "2005.04.19"]
[PlyCount "71"]

1.e4 e5 2.Nf3 Nc6 3.Bb5 Nf6 4.O-O Nxe4 5.d4 Nd6 6.Bxc6 dxc6 7.dxe5 Nf5 8.
Qxd8+ Kxd8 9.Nc3 Ne7 10.Rd1+ Ke8 11.Nd4 Bd7 12.Ne4 Ng6 13.Ng5 Rd8 14.Re1 
Bc8 15.Be3 h6 16.Ne4 a6 17.a4 c5 18.Nf3 b6 19.a5 Bb7 20.Nfd2 Be7 21.axb6 
cxb6 22.Nd6+ Bxd6 23.exd6 Kd7 24.Nc4 Kc6 25.b4 cxb4 26.Bxb6 Rde8 27.Be3 
Kd7 28.Ra5 Re4 29.Rc5 Ba8 30.Rc7+ Ke6 31.f3 Rxc4 32.Rxc4 Kxd6 33.Rd1+ Ke6 
34.Rxb4 Ne7 35.Rb6+ Bc6 36.Bc5 1-0

[Event "RUS-chT 1L"]
[Site "Sochi RUS"]
[Date "2005.04.25"]
[Round "8"]
[White "Vorobiov, Evgeny"]
[Black "Kornev, Alexei"]
[Result "1/2-1/2"]
[WhiteElo "2550"]
[BlackElo "2565"]
[EventDate "2005.04.19"]
[PlyCount "112"]

1.c4 b6 2.d4 Bb7 3.Nc3 e6 4.a3 f5 5.d5 Nf6 6.Nf3 Be7 7.g3 Ne4 8.Bd2 Bf6 9.
Rc1 c6 10.dxe6 dxe6 11.Qc2 Nxd2 12.Qxd2 Qxd2+ 13.Nxd2 c5 14.Rg1 Nc6 15.Bg2
O-O-O 16.e3 Ne5 17.Bxb7+ Kxb7 18.Ke2 Nd3 19.Rc2 Nxb2 20.Rxb2 Bxc3 21.Rc2 
Bxd2 22.Rxd2 Rxd2+ 23.Kxd2 Kc6 24.g4 g6 25.gxf5 exf5 26.h4 Rg8 27.a4 Kd6 
28.f4 Ke6 29.Kd3 Rd8+ 30.Kc3 Kf6 31.Ra1 h6 32.a5 g5 33.hxg5+ hxg5 34.fxg5+
Kxg5 35.axb6 axb6 36.Rf1 Rd7 37.Rb1 Rd6 38.Rf1 Rh6 39.Kd3 Rd6+ 40.Kc3 Kg6 
41.Kc2 Re6 42.Kd3 Kf6 43.Rf4 Rd6+ 44.Kc3 Ke5 45.Rf1 Rd8 46.Kc2 Ra8 47.Kd3 
Ra3+ 48.Kd2 Rb3 49.Rf4 Rb1 50.Kc2 Rb4 51.Kc3 b5 52.cxb5 Rxb5 53.Rc4 Ra5 
54.Kd3 Ra3+ 55.Kd2 Rb3 56.Rf4 Rb1 1/2-1/2

[Event "RUS-chT 1L"]
[Site "Sochi RUS"]
[Date "2005.04.25"]
[Round "8"]
[White "Zaitsev, Vladimir"]
[Black "Gabrielian, Artur"]
[Result "0-1"]
[WhiteElo "2435"]
[BlackElo "2481"]
[EventDate "2005.04.19"]
[PlyCount "57"]

1.e4 c5 2.Nf3 d6 3.Bb5+ Bd7 4.Bxd7+ Qxd7 5.O-O Nc6 6.c3 Nf6 7.Qe2 e6 8.d3 
Be7 9.Ng5 h6 10.Nh3 e5 11.f4 O-O-O 12.c4 Nd4 13.Qd1 g5 14.fxe5 dxe5 15.Nc3
g4 16.Nf2 Rhg8 17.Nh1 h5 18.Ng3 h4 19.Nf5 Nxf5 20.Rxf5 Qd4+ 21.Kf1 h3 22.
Ke2 g3 23.Be3 Qd7 24.hxg3 h2 25.Nd5 Nxd5 26.cxd5 Rxg3 27.Qf1 Rdg8 28.Bf2 
Rxg2 29.Kf3 0-1